00413nam a22001452 4500001001100000005001700011008004100028020002600069040001500095100003200110245004400142260003100186300001100217650003900228000000890720151217160119.0080617s xx 000 0 eng d a9966472150 :cKES 120 aKABUcKABU1 aKisia, Peter A.@000015969610aUsalama barabarani /cPetr Adaka Kisia. aNairobi :bPhoenix,c1994. a45 p. 0aTraffic safetyzKenya.@0000159697